Πλάτωνος πολιτεία : ή περί δικαίου πολιτικός

Αποθηκεύτηκε σε:
Λεπτομέρειες βιβλιογραφικής εγγραφής
Κύριος συγγραφέας: Πλάτων, 428 ή 7-348 ή 7 π.Χ
Άλλοι συγγραφείς: Γεωργούλης, Κωνσταντίνος Δ., 1894-1968 (Επιμελητής έκδοσης)
Μορφή: Βιβλίο
Γλώσσα:Greek
Δημοσίευση: Αθήναι ; Θεσσαλονίκη : Ι. Σιδέρης, 1963.
Έκδοση:2η έκδ.
Σειρά:Αρχαίοι Έλληνες φιλόσοφοι ; 2
Θέματα:
Ετικέτες: Προσθήκη ετικέτας
Δεν υπάρχουν, Καταχωρήστε ετικέτα πρώτοι!

MARC

LEADER 00000cam a2200000 i 4500
001 1/94330
008 940812s1963 gr | ||| |||| ||gre||
035 |l 10009184 
040 |a GR-MY-UA  |b gre  |e aacr 
041 0 |a gre 
082 0 |a 180.938  
100 0 |a Πλάτων,   |d 428 ή 7-348 ή 7 π.Χ. 
245 1 0 |a Πλάτωνος πολιτεία :   |b ή περί δικαίου πολιτικός /   |c εισαγωγή, ερμηνεία και σημειώσεις Κ.Δ. Γεωργούλη.  
250 |a 2η έκδ.  
260 |a Αθήναι ; Θεσσαλονίκη :   |b Ι. Σιδέρης,   |c 1963.  
300 |a 589 σ. ;   |c 24 εκ.  
490 1 |a (Αρχαίοι Έλληνες φιλόσοφοι ;   |v  2)  
500 |a Το Παράρτημα της Ρόδου διαθέτει την πρώτη έκδοση, 1939.  
650 0 0 |a Philosophy, Ancient. 
700 1 |a Γεωργούλης, Κωνσταντίνος Δ.,   |d 1894-1968,  |e edt 
830 0 |a Αρχαίοι Έλληνες φιλόσοφοι ;  |v  2 
852 |a INST  |b LESVOS  |e 19940812  |h 180.938 ΠΛΑ  |p 005100007037  |q 005100007037  |t BK  |y 0 
852 |a INST  |b RHODES  |c AKA  |e 20080904  |h  180.938 ΠΛΑ  |p 005400027592  |q 005400027592  |t BK  |y 0 
901 |a BIBL4-2008-2 
909 |a Λ  |b 019476 
909 |a Ρ  |b 150915